Statistics for Metallica albums

Click here to take the quiz!

General Stats

  • This quiz has been taken 243 times
    (235 since last reset)
  • The average score is 6 of 8

Answer Stats

Hint Answer % Correct
Third track was "For Whom the Bell Tolls"Ride the Lightning
98%
Songs included "Welcome Home (Sanitarium)" and "Battery"Master of Puppets
97%
Included "Blackened","One" and "Eye of the Beholder"...And Justice For All
92%
Included "Fuel", "The Unforgiven II", and "Were the Wild Things Are"Reload
92%
Included "The Four Horseman", "Whiplash", and "Phantom LordKill 'Em All
91%
Included "King Nothing", "Cure", and "Poor Twisted Me"Load
89%
Fifth studio album released, third track is "Holier than Thou"Metallica/Black
65%
Included "The Ecstasy of Gold","Cyanide" "Enter Sandman", "For Whom the Bell Tolls" and "Ride the Lightning"Through the Never
11%

Score Distribution

Percentile by Number Answered

Percent of People with Each Score

Your Score History

You have not taken this quiz since the last reset